000 00301nam a22001217a 4500
008 160504b xxu||||| |||| 00| 0 eng d
020 _a01947648(2014)35(1)
020 _a01947648
041 _aeng
080 _a61
245 _aJournal of legal medicine:
_cJournal of Legal Medicine;
942 _2udc
_cBK
999 _c1768
_d1768